| 000 | 00385nam a2200109Ia 4500 | ||
|---|---|---|---|
| 008 | 160909s9999 xx 000 0 und d | ||
| 100 | _aGonzalez, Cynthia E. | ||
| 245 | _aNegative Attitudes as Scapegoating and the Effects on LGBT Individuals | ||
| 260 |
_bPacifica Graduate Institute. _c2016 |
||
| 650 | _aPSYCHOLOGY | ||
| 856 | _uhttp://pqdtopen.proquest.com/doc/1779525548.html?FMT=ABS | ||
| 999 |
_c304096 _d304096 |
||